[Event "Wch Rapid (Women)"]
[Site "Samarkand"]
[Date "2023.12.26"]
[Round "4"]
[White "Kurbonboeva, Sarvinoz"]
[Black "Khamrakulova, Iroda"]
[Result "1-0"]
[WhiteElo "2154"]
[BlackElo "2132"]
[PlyCount "67"]
[EventDate "2023.12.26"]
[EventType "swiss (rapid)"]
[EventRounds "11"]
[EventCountry "UZB"]
[SourceTitle "CB01_2024"]
[SourceDate "2024.01.03"]
[SourceVersion "1"]
[SourceVersionDate "2024.01.03"]
[SourceQuality "1"]

1. c4 e6 2. g3 d5 3. Bg2 Nf6 4. b3 Be7 5. Bb2 0-0 6. Nf3 b6 7. 0-0 Bb7 8. d4 Nbd7 9. Nc3 dxc4 10. bxc4 c5 11. d5 Re8 12. d6 Bf8 13. Nb5 Ba6 14. Nc7 Bxc4 15. Nxe8 Qxe8 16. Nd2 Bd5 17. e4 Bb7 18. e5 Bxg2 19. Kxg2 Nd5 20. Qe2 f5 21. exf6 N7xf6 22. Rfe1 Kf7 23. Nc4 b5 24. Ne5+ Kg8 25. d7 Nxd7 26. Qxb5 Nxe5 27. Qxe8 Rxe8 28. Rxe5 Kf7 29. Rc1 Nb4 30. Re3 Rb8 31. Be5 Rd8 32. Rf3+ Ke8 33. Rcc3 Nd3 34. Rfxd3 1-0

[Event "Titled Tuesday intern op 15th Feb Early"]
[Site "Chess.com INT"]
[Date "2022.02.15"]
[Round "7"]
[White "Jakubowska, Anna"]
[Black "Kurbonboeva, Sarvinoz"]
[Result "1-0"]
[WhiteElo "2127"]
[BlackElo "2189"]
[PlyCount "47"]
[EventDate "2022.02.15"]
[EventType "swiss (blitz)"]
[EventRounds "11"]
[EventCountry "USA"]
[SourceTitle "CBM 206 Extra"]
[Source "ChessBase"]
[SourceDate "2022.03.31"]
[SourceVersion "1"]
[SourceVersionDate "2022.03.31"]
[SourceQuality "1"]

1. e4 c5 2. Nc3 g6 3. g3 Bg7 4. Bg2 Nc6 5. d3 d6 6. Nh3 Nf6 7. 0-0 0-0 8. f4 Nd4 9. Nf2 Rb8 10. g4 b5 11. f5 h5 12. g5 Nh7 13. Nd5 e6 14. f6 exd5 15. fxg7 Kxg7 16. exd5 Nxg5 17. Kh1 Nh7 18. c3 Nf5 19. Ne4 Qh4 20. Qd2 Bd7 21. Rxf5 Bxf5 22. Qh6+ Kg8 23. Bg5 Qg4 24. Nf6+ 1-0

[Event "Online Olym Div Top-A"]
[Site "Chess.com INT"]
[Date "2020.08.22"]
[Round "4.3"]
[White "Vo, Thi Kim Phung"]
[Black "Kurbonboeva, Sarvinoz"]
[Result "1/2-1/2"]
[WhiteElo "2344"]
[BlackElo "2234"]
[PlyCount "213"]
[EventDate "2020.08.21"]
[EventType "tourn (rapid)"]
[EventRounds "9"]
[EventCountry "USA"]
[SourceTitle "CBM 198"]
[Source "ChessBase"]
[SourceDate "2020.10.31"]
[SourceVersion "1"]
[SourceVersionDate "2020.10.31"]
[SourceQuality "1"]
[WhiteTeam "Vietnam"]
[BlackTeam "Uzbekistan"]
[WhiteTeamCountry "VIE"]
[BlackTeamCountry "UZB"]

1. d4 Nf6 2. c4 g6 3. Nc3 Bg7 4. e4 d6 5. Be2 0-0 6. Nf3 e5 7. 0-0 Nc6 8. d5 Ne7 9. Ne1 Nd7 10. Be3 f5 11. f3 f4 12. Bf2 g5 13. Nd3 Nf6 14. c5 h5 15. Rc1 Bd7 16. Qb3 Kh8 17. cxd6 cxd6 18. Qxb7 g4 19. Qa6 Bc8 20. Qa3 Bh6 21. Nb5 g3 22. hxg3 fxg3 23. Bxg3 Bxc1 24. Rxc1 Qb6+ 25. Nf2 Ba6 26. Nc3 Bxe2 27. Nxe2 Rf7 28. Kh1 Rg8 29. Nh3 Rfg7 30. Bh4 Ne8 31. Rg1 Qb5 32. Qe3 Ng6 33. Bf2 Qxb2 34. Bg3 Qb6 35. Qd2 Nf6 36. Bf2 Qb5 37. Ng3 Qd7 38. Nf5 Rh7 39. Be3 Ne7 40. Nxe7 Qxe7 41. Bg5 Qf7 42. Bh4 Rhg7 43. Qh6+ Nh7 44. Qxd6 Qe8 45. Qh6 Qf7 46. Qe3 Nf6 47. Ng5 Qg6 48. Ne6 Rf7 49. Qg5 Qxg5 50. Nxg5 Rb7 51. Ne6 Nd7 52. Bf2 Rc8 53. Rf1 Rc2 54. Bg3 Rxa2 55. Rg1 a5 56. Nd8 Rb8 57. Nf7+ Kg8 58. Nxe5 Nxe5 59. Bxe5 Rb3 60. Bg3 a4 61. d6 Rd2 62. Bf4 Rdd3 63. e5 Kf7 64. Rc1 Rb7 65. Ra1 a3 66. Kh2 Ra7 67. Ra2 Ke6 68. Bg3 Rb3 69. f4 Rb2 70. f5+ Kxf5 71. d7 Rxd7 72. Rxa3 Rb6 73. Rf3+ Kg6 74. Kh3 Rb4 75. Rf6+ Kg7 76. Rf5 Kg6 77. Rf6+ Kg7 78. Bf4 Rdd4 79. g3 Re4 80. Rf5 Kg6 81. Rg5+ Kh6 82. Rg8+ Rxf4 83. gxf4 Rxf4 84. Kg3 Re4 85. Re8 Kg5 86. Kf3 Re1 87. e6 Kf6 88. Rf8+ Ke7 89. Rh8 Rxe6 90. Rxh5 Rf6+ 91. Ke4 Re6+ 92. Kd5 Rd6+ 93. Kc5 Rg6 94. Kd5 Rd6+ 95. Ke5 Re6+ 96. Kf4 Rf6+ 97. Kg5 Rf1 98. Rh7+ Ke6 99. Rh2 Ke5 100. Re2+ Kd5 101. Re8 Kd4 102. Kg4 Kd5 103. Kg3 Kd6 104. Kg2 Rf7 105. Re3 Kd5 106. Ra3 Kd4 107. Rh3 1/2-1/2

[Event "Online Olym Div Top-A"]
[Site "Chess.com INT"]
[Date "2020.08.21"]
[Round "2.4"]
[White "Charinda, Kudzanayi"]
[Black "Kurbonboeva, Sarvinoz"]
[Result "0-1"]
[WhiteElo "1710"]
[BlackElo "2234"]
[PlyCount "58"]
[EventDate "2020.08.21"]
[EventType "tourn (rapid)"]
[EventRounds "9"]
[EventCountry "USA"]
[SourceTitle "CBM 198"]
[Source "ChessBase"]
[SourceDate "2020.10.31"]
[SourceVersion "1"]
[SourceVersionDate "2020.10.31"]
[SourceQuality "1"]
[WhiteTeam "Zimbabwe"]
[BlackTeam "Uzbekistan"]
[WhiteTeamCountry "ZIM"]
[BlackTeamCountry "UZB"]

1. e4 c5 2. Nf3 g6 3. Nc3 Nc6 4. d4 cxd4 5. Nxd4 Bg7 6. Be3 Nf6 7. Nxc6 bxc6 8. e5 Ng8 9. f4 d6 10. exd6 Qxd6 11. Qxd6 exd6 12. Rd1 d5 13. Bd4 Bxd4 14. Rxd4 Nf6 15. h3 Bf5 16. Rd2 0-0-0 17. Ba6+ Kc7 18. 0-0 Rhe8 19. Kf2 d4 20. g4 dxc3 21. Rxd8 Rxd8 22. gxf5 cxb2 23. Bd3 Nd5 24. Rb1 Rb8 25. c4 Nc3 26. fxg6 Nxb1 27. Bxb1 fxg6 28. Ke3 Rd8 29. Bc2 Rd1 0-1

[Event "Online Olym Div Top-A"]
[Site "Chess.com INT"]
[Date "2020.08.21"]
[Round "1.4"]
[White "Kurbonboeva, Sarvinoz"]
[Black "Lei, Tingjie"]
[Result "1/2-1/2"]
[WhiteElo "2234"]
[BlackElo "2505"]
[PlyCount "147"]
[EventDate "2020.08.21"]
[EventType "tourn (rapid)"]
[EventRounds "9"]
[EventCountry "USA"]
[SourceTitle "CBM 198"]
[Source "ChessBase"]
[SourceDate "2020.10.31"]
[SourceVersion "1"]
[SourceVersionDate "2020.10.31"]
[SourceQuality "1"]
[WhiteTeam "Uzbekistan"]
[BlackTeam "China"]
[WhiteTeamCountry "UZB"]
[BlackTeamCountry "CHN"]

1. d4 Nf6 2. c4 e6 3. Nf3 d5 4. Nc3 c5 5. Bg5 dxc4 6. e3 cxd4 7. Qxd4 Qxd4 8. Nxd4 Bb4 9. 0-0-0 a6 10. Bxc4 Nbd7 11. f3 b5 12. Bb3 Bb7 13. Nce2 h6 14. Bh4 g5 15. Be1 Bxe1 16. Rhxe1 Ke7 17. e4 h5 18. Kb1 Rac8 19. Rc1 g4 20. Rxc8 Rxc8 21. Rc1 Rxc1+ 22. Kxc1 h4 23. h3 gxh3 24. gxh3 Nh5 25. Kd2 Kf6 26. Ke3 Nc5 27. Bc2 Bc8 28. f4 e5 29. Nf3 exf4+ 30. Nxf4 Nxf4 31. Kxf4 Bxh3 32. Nxh4 Ne6+ 33. Ke3 Bg4 34. Ng2 Ke5 35. Ne1 Nc5 36. b4 Nd7 37. Nd3+ Kd6 38. Kd4 Be6 39. a3 f6 40. a4 bxa4 41. Bxa4 Ne5 42. Nc5 Bc4 43. Bd1 Bf1 44. Bh5 Nc6+ 45. Kc3 Bb5 46. Bf7 Kc7 47. Bc4 Bxc4 48. Kxc4 a5 49. bxa5 Nxa5+ 50. Kd5 Nc6 51. Ke6 f5 52. Kxf5 Kd6 53. Nd3 Nd4+ 54. Kf6 Nc6 55. Nf4 Ne5 56. Ne2 Nd7+ 57. Kf5 Ne5 58. Nd4 Nd3 59. Nb5+ Kc5 60. Nc3 Kd6 61. Kf6 Kc5 62. Ne2 Kd6 63. Nd4 Kc5 64. Ne6+ Kd6 65. Kf5 Kd7 66. Nf4 Nxf4 67. Kxf4 Ke6 68. e5 Ke7 69. Kf5 Kf7 70. e6+ Ke7 71. Ke5 Ke8 72. Kf6 Kf8 73. e7+ Ke8 74. Ke6 1/2-1/2

[Event "Penang op 11th"]
[Site "Penang"]
[Date "2019.12.10"]
[Round "2"]
[White "Mohd Saprin, Amir Ghaazi"]
[Black "Kurbonboeva, Sarvinoz"]
[Result "0-1"]
[WhiteElo "1953"]
[BlackElo "2210"]
[PlyCount "116"]
[EventDate "2019.12.09"]
[EventType "swiss"]
[EventRounds "9"]
[EventCountry "MAS"]
[SourceTitle "CBM 193 Extra"]
[Source "ChessBase"]
[SourceDate "2020.01.31"]
[SourceVersion "1"]
[SourceVersionDate "2020.01.31"]
[SourceQuality "1"]

1. Nf3 Nf6 2. c4 g6 3. g3 Bg7 4. Bg2 c6 5. 0-0 d5 6. cxd5 cxd5 7. d4 0-0 8. Nc3 Ne4 9. Qb3 Nc6 10. Bf4 Nxc3 11. bxc3 Na5 12. Qb4 b6 13. Nd2 Ba6 14. Rfe1 Rc8 15. e4 dxe4 16. Bxe4 Re8 17. Bg2 Qd7 18. Rad1 Bb7 19. Bxb7 Qxb7 20. Be5 Nc6 21. Qb3 Nxe5 22. dxe5 Red8 23. c4 Qc6 24. f4 Rd4 25. Qf3 Qxf3 26. Nxf3 Rdxc4 27. Rd7 R4c7 28. Red1 Bf8 29. Rxc7 Rxc7 30. Rd2 e6 31. Kf2 Kg7 32. Ng5 Bb4 33. Re2 Be7 34. Ne4 b5 35. Rb2 a6 36. Ke3 f6 37. exf6+ Bxf6 38. Rd2 Be7 39. Kf3 Kf7 40. Nd6+ Bxd6 41. Rxd6 Rc3+ 42. Kg4 a5 43. Ra6 Ra3 44. Kg5 Rxa2 45. Ra7+ Ke8 46. Kf6 a4 47. Kxe6 Re2+ 48. Kd6 Rxh2 49. Rb7 Rb2 50. g4 a3 51. g5 Rd2+ 52. Kc5 Rd7 53. Rxb5 Ra7 54. Rb1 a2 55. Ra1 Kd7 56. f5 gxf5 57. Kd5 Ra5+ 58. Kd4 Ke6 0-1

[Event "Navrangpura AICF (Women)"]
[Site "Navrangpura"]
[Date "2019.11.18"]
[Round "11"]
[White "Priyanka, K."]
[Black "Kurbonboeva, Sarvinoz"]
[Result "1-0"]
[WhiteElo "2067"]
[BlackElo "2266"]
[PlyCount "63"]
[EventDate "2019.11.11"]
[EventType "tourn"]
[EventRounds "11"]
[EventCountry "IND"]
[SourceTitle "CBM 193 Extra"]
[Source "ChessBase"]
[SourceDate "2020.01.31"]
[SourceVersion "1"]
[SourceVersionDate "2020.01.31"]
[SourceQuality "1"]

1. e4 c5 2. Nf3 d6 3. d4 cxd4 4. Nxd4 Nf6 5. Nc3 a6 6. Bd3 e5 7. Nde2 Be7 8. 0-0 b5 9. Ng3 0-0 10. f4 exf4 11. Bxf4 Ng4 12. Nd5 Ne5 13. a4 b4 14. Be3 Nbc6 15. a5 Rb8 16. Nf5 Bg5 17. Bb6 Rxb6 18. Nxb6 Bb7 19. Nc4 Nxc4 20. Bxc4 Nxa5 21. Bd5 Bf6 22. Nxd6 Qb6+ 23. Kh1 Bxb2 24. Rxa5 Qxa5 25. Nxb7 Qc7 26. Qd3 Be5 27. h3 a5 28. Qb5 Qe7 29. Nxa5 Bc7 30. Nc4 h5 31. Qc6 Bb8 32. e5 1-0

[Event "Navrangpura AICF (Women)"]
[Site "Navrangpura"]
[Date "2019.11.13"]
[Round "4"]
[White "Luong, Phuong Hanh"]
[Black "Kurbonboeva, Sarvinoz"]
[Result "0-1"]
[WhiteElo "2259"]
[BlackElo "2266"]
[PlyCount "137"]
[EventDate "2019.11.11"]
[EventType "tourn"]
[EventRounds "11"]
[EventCountry "IND"]
[SourceTitle "CBM 193 Extra"]
[Source "ChessBase"]
[SourceDate "2020.01.31"]
[SourceVersion "1"]
[SourceVersionDate "2020.01.31"]
[SourceQuality "1"]

1. d4 Nf6 2. Nf3 g6 3. g3 Bg7 4. Bg2 d5 5. 0-0 0-0 6. c4 c6 7. Qb3 Qb6 8. Nc3 Rd8 9. c5 Qxb3 10. axb3 Na6 11. Bf4 Nd7 12. e4 dxe4 13. Nxe4 Nb4 14. Bd2 Nd5 15. b4 Nf8 16. Bc3 Bf5 17. Ne5 Ne6 18. Rfd1 Ndc7 19. h4 f6 20. Nc4 Nb5 21. Na5 Rd7 22. Nd2 Nexd4 23. Bxd4 Nxd4 24. Nf3 Nc2 25. Rd4 Rd6 26. Rxd6 Be6 27. Rd7 Bxd7 28. Rd1 Be6 29. b5 Nb4 30. Nxb7 Bd5 31. bxc6 Bxc6 32. Na5 Rc8 33. Nxc6 Nxc6 34. Rd7 f5 35. Rb7 a5 36. Ng5 h6 37. Bd5+ Kh8 38. Nf7+ Kh7 39. Be6 Rb8 40. Rc7 Nd4 41. Bd5 Rxb2 42. Rxe7 Rc2 43. Rc7 Nb5 44. Rb7 Rxc5 45. Ba2 Nc3 46. Be6 Ne4 47. Nd8 Rc1+ 48. Kg2 Rd1 49. Bd7 Nc5 50. Rb5 Rxd7 51. Rxc5 Rxd8 52. Rxa5 Bd4 53. h5 Kg7 54. hxg6 Kxg6 55. f3 Rd6 56. Kh3 Bf6 57. Ra3 Rd2 58. Ra4 Rf2 59. Ra3 Kg5 60. Rb3 Bd4 61. Rd3 Bf6 62. Rb3 h5 63. Rd3 f4 64. Rb3 Be5 65. Rb5 Re2 66. gxf4+ Kxf4 67. Rb3 Kf5 68. f4 Bxf4 69. Rb2 0-1

[Event "SCO op"]
[Site "Qingdao"]
[Date "2019.09.22"]
[Round "4"]
[White "Kurbonboeva, Sarvinoz"]
[Black "Xiang, Zeyu"]
[Result "1/2-1/2"]
[WhiteElo "2262"]
[BlackElo "2456"]
[PlyCount "64"]
[EventDate "2019.09.19"]
[EventType "swiss"]
[EventRounds "9"]
[EventCountry "CHN"]
[SourceTitle "EXT 2020"]
[Source "ChessBase"]
[SourceDate "2019.10.17"]
[SourceVersion "1"]
[SourceVersionDate "2019.10.17"]
[SourceQuality "1"]

1. c4 e5 2. Nc3 Nf6 3. g3 c6 4. d4 e4 5. d5 Bb4 6. Qd4 Qe7 7. Bg5 d6 8. Bxf6 gxf6 9. a3 Ba5 10. b4 c5 11. Qd1 cxb4 12. Qa4+ Bd7 13. Qxa5 bxc3 14. Qxc3 Qe5 15. Rc1 Na6 16. Nh3 Qxc3+ 17. Rxc3 Rc8 18. Nf4 Ke7 19. Kd2 Rc5 20. Bg2 f5 21. f3 Rhc8 22. Rhc1 exf3 23. exf3 b5 24. Bf1 b4 25. Re3+ Kf6 26. Nd3 Rxc4 27. Rxc4 Rxc4 28. Nxb4 Rd4+ 29. Kc3 Nxb4 30. Kxd4 Nc2+ 31. Kd3 Nxe3 32. Kxe3 Ke5 1/2-1/2

[Event "SCO op"]
[Site "Qingdao"]
[Date "2019.09.21"]
[Round "3"]
[White "Bauyrzhan, Arnash"]
[Black "Kurbonboeva, Sarvinoz"]
[Result "0-1"]
[WhiteElo "2061"]
[BlackElo "2262"]
[PlyCount "80"]
[EventDate "2019.09.19"]
[EventType "swiss"]
[EventRounds "9"]
[EventCountry "CHN"]
[SourceTitle "EXT 2020"]
[Source "ChessBase"]
[SourceDate "2019.10.17"]
[SourceVersion "1"]
[SourceVersionDate "2019.10.17"]
[SourceQuality "1"]

1. e4 c5 2. Nf3 d6 3. Bb5+ Nd7 4. d4 cxd4 5. Qxd4 a6 6. Bxd7+ Bxd7 7. 0-0 Nf6 8. Bg5 Bc6 9. Nbd2 Nd7 10. Rad1 Nc5 11. Bh4 Rc8 12. Rfe1 Ne6 13. Qe3 b5 14. Nd4 Bd7 15. N2f3 Qb6 16. Qd2 f6 17. Ne2 Qc7 18. c3 Nc5 19. Nf4 e6 20. Nh5 Bc6 21. Qf4 Qf7 22. g4 e5 23. Qe3 Be7 24. Ng3 g5 25. Nf5 gxh4 26. N3xh4 Bd7 27. Rxd6 h5 28. b4 Nb7 29. Rd3 hxg4 30. Qa7 Bc6 31. Nxe7 Kxe7 32. Nf5+ Kf8 33. Qe3 Qh5 34. Qg3 Qh3 35. Qxh3 gxh3 36. Ree3 Kf7 37. Rxh3 Rxh3 38. Rxh3 Bxe4 39. Nh6+ Ke6 40. Re3 Nd6 0-1

[Event "SCO Teams"]
[Site "Qingdao"]
[Date "2019.09.15"]
[Round "1.11"]
[White "Kobalia, Mihail"]
[Black "Kurbonboeva, Sarvinoz"]
[Result "1/2-1/2"]
[WhiteElo "2608"]
[BlackElo "2262"]
[PlyCount "66"]
[EventDate "2019.09.15"]
[EventType "team-tourn"]
[EventRounds "9"]
[EventCountry "CHN"]
[SourceTitle "EXT 2020"]
[Source "ChessBase"]
[SourceDate "2019.10.17"]
[SourceVersion "1"]
[SourceVersionDate "2019.10.17"]
[SourceQuality "1"]
[WhiteTeam "Russia"]
[BlackTeam "Uzbekistan"]
[WhiteTeamCountry "RUS"]
[BlackTeamCountry "UZB"]

1. e4 c5 2. Nf3 d6 3. d4 cxd4 4. Nxd4 Nf6 5. Nc3 g6 6. Be3 Bg7 7. f3 0-0 8. Qd2 Nc6 9. g4 Be6 10. 0-0-0 Nxd4 11. Bxd4 Qa5 12. a3 Rab8 13. h4 b5 14. Nd5 Qxd2+ 15. Rxd2 Bxd5 16. exd5 a5 17. Kb1 Nd7 18. Bxg7 Kxg7 19. g5 h5 20. Bh3 Nc5 21. Re1 b4 22. a4 Nxa4 23. Rxe7 Rfe8 24. Rde2 Kf8 25. Rxe8+ Rxe8 26. Rxe8+ Kxe8 27. Ka2 Nc5 28. Bf1 Ke7 29. Be2 f5 30. Bb5 Kd8 31. Bc6 Ke7 32. Bb5 Kd8 33. Bc6 Ke7 1/2-1/2